000 00661nam a2200229Ia 4500
003 BUBTL
008 151213s9999 xx 000 0 und d
020 _a0-88730-591-1
082 _a658.049/WEG
100 _aHenry Wendt
_92541
245 _aGlobal Embrace :Corporate Challenges in a Transnational World
_cHenry Wendt
250 _a1st
260 _aNew York
_bOxford University Press
_c1993
300 _a[xi],292p.:
_b23cm.
_cMarketing.
500 _aIncludes Index.
650 0 _aMarketing
_953
650 0 _aMarketing
_953
700 _aHenry Wendt
_92541
856 _k0
_l0
_yDownload
942 _2ddc
_cBK
999 _c1992
_d1992